Vocabulari castellà - català / per Emili Vallès
Descripción Física:
342 p. ; 19 cm
MARC
| LEADER | 00000nam a2200000Ia 4500 | ||
|---|---|---|---|
| 001 | 13200 | ||
| 008 | 160829s1935 xx 000 0 cat d | ||
| 080 | |a L-1-360 | ||
| 100 | |a Vallès i Vidal, Emili |9 25551 | ||
| 245 | |a Vocabulari castellà - català / per Emili Vallès | ||
| 260 | |a Barcelona : |b Seix i Barral, |c 1935 | ||
| 300 | |a 342 p. ; |c 19 cm | ||
| 590 | |a Prové de 4216 | ||
| 650 | |a Castellà |x Diccionaris |x Català |9 25989 | ||
| 650 | |a Català |x Diccionaris |x Castellà |9 30116 | ||
| 901 | |a Arxiu | ||
| 942 | |n 1 | ||
| 952 | |0 0 |1 0 |4 0 |6 L1360 |7 1 |9 53414 |a Arxiu |b Arxiu |d 2016-12-01 |l 0 |o L-1-360 |p 13200 |r 2016-12-01 00:00:00 |w 2016-12-01 |y ARXIU | ||
| 999 | |c 57280 |d 57280 | ||